• 首页
  • 本馆介绍
  • 公告通知
  • 最新文献
  • 馆藏检索
  • 电子资源
  • 读者导购
  • 参考咨询
  • 我的图书馆
  • 登录
  • 详细信息显示
  • 放入我的书架
  • 预约/预借图书
  • 作者相关作品
  • 分类相关作品
  • 丛书相关作品
  • 出版社相关作品

书目信息

  • 表格格式
  • 工作单格式
  • 卡片格式
书名: The American paradox
作者: David G. Myers ; foreword by Martin E. Marty.
分册号:
分册名:
出版地: New Haven :
 
出版社: Yale University Press
出版时间: c2000.
页数: xv, 414 p. :
开本: 25 cm.
丛书名:
中图分类号:
科图分类号:
其他分类号: D771.26
主题词:
电子资源:
000 00941nam a2200301 a 4500
001 E0729896864
003 CAL
005 20070710081905.50
008 991208s2000 ctua b 001 0 eng
010    @a 99088870
020    @a0300081111 (acid-free paper).
040    @aDLC@cDLC@dDLC
042    @apcc
043    @an-us---
050 00 @aHN90.M6@bM94 2000
082 00 @a306/.0973@221
090    @aD771.26
093    @aD771.26@24
094    @a33.6604563@23
099    @dD771.26@ex167
100 1  @aMyers, David G.
245 14 @aThe American paradox :@bspiritual hunger in an age of plenty / @cDavid G. Myers ; foreword by Martin E. Marty.
260    @aNew Haven :@bYale University Press,@cc2000.
300    @axv, 414 p. :@bill. ;@c25 cm.
504    @aIncludes bibliographical references and index.
650  0 @aCommunitarianism@zUnited States.
650  0 @aSocial ethics@zUnited States.
651  0 @aUnited States@xMoral conditions.
    
    The American paradox : : spiritual hunger in an age of plenty / / David G. Myers ; foreword by Martin E. Marty.-New Haven : : Yale University Press, , c2000.
    xv, 414 p. : : ill. ; ; 25 cm.
    Includes bibliographical references and index.
    
    ISBN 0300081111 (acid-free paper).
    
●
相关链接 在E读中查询图书 在五车中查询图书 在当当中查询图书 在豆瓣中查询图书


正题名:American paradox     索取号:D771.26/x167         预约/预借

序号 登录号 条形码 馆藏地/架位号 状态 备注
1 0011655   300116559   第二样本阅览室/ [索取号:D771.26/x167] 在馆    
唐山师范学院图书馆 欢迎您!
大连网信软件有限公司© 版权所有